000 00691nam a2200205Ia 4500
003 GCL
008 140319s9999 xx 000 0 ara d
040 _aGCL /
_cGCL
082 0 4 _a741
_bر غ
100 1 _aرمسيس يونان
245 1 0 _aغاية الرسام العصرى /
_cرمسيس يونان
260 _aالامارات :
_bمركز الشارقة للابداع الفكرى
300 _a63 ص ؛
_c22 سم
490 _aمكتبة الفنون التشكيلية
_v3
650 0 4 _aالفنون الجميلة
650 0 4 _aاللوحات الفنية
650 0 4 _aالرسم - الطرق الفنية
650 0 4 _aاللوحات - مجموعات
942 _2ddc
_cBK
999 _c8234
_d8234